000 00520nam a2200145Ia 4500
008 100122s9999 xx 000 0 und d
082 _b2363
_a823
100 _aभिडे भि गो
245 _aकर्म विपाक अभू पाठीराखा
260 _bप्रकाशक शोधणे
_c1924
300 _a100
630 _aकर्म विपाक अभू पाठीराखा
730 _aकर्म विपाक अभू पाठीराखा
942 _cBOOK
999 _c396759
_d396756